Movies Quiz

Random Movies or Role Quiz

All About Eddie Quiz Stats

 Plays Quiz Updated Mar 31, 2020

Support Sporcle.
Go Orange.
Score 0/7 Timer 03:00
0 Plays Today
Year Movie % Correct
1996The Nutty Professor
89.4%
1988Coming to America
80%
2000Nutty Professor II: The Klumps
74.9%
2007Norbit
55.9%
1999Bowfinger
23.7%
2008Meet Dave
19%
1995Vampire in Brooklyn
12.9%

You're not logged in!

Compare scores with friends on all Sporcle quizzes.
OR
Log In

From the Vault

'V' Entertainment Images

by druhutch

It's pure coincidence that 'V' happens to be the Roman Numeral for five, we assure you.
Remove Ads.
Support Sporcle.
Get the best of Sporcle when you Go Orange. This ad-free experience offers more features, more stats, and more fun while also helping to support Sporcle. Thank you for becoming a member.

Show Comments

Extras

Top Quizzes Today


Score Distribution

Your Account Isn't Verified!

In order to create a playlist on Sporcle, you need to verify the email address you used during registration. Go to your Sporcle Settings to finish the process.

Report this User

Report this user for behavior that violates our Community Guidelines.

Details: